[Event "ICS Rated blitz match"]
[Site "207.99.83.229"]
[Date "1999.07.19"]
[Round "?"]
[White "Hossa"]
[Black "JudgeTurpin"]
[Result "1/2-1/2"]
[WhiteElo "2371"]
[BlackElo "2580"]
[PlyCount "183"]
[EventDate "1999.??.??"]

1. d4 Nf6 2. c4 e6 3. Nc3 d5 4. Bg5 c6 5. Nf3 Nbd7 6. cxd5 exd5 7. e3 Be7 8.
Bd3 O-O 9. Qc2 Re8 10. O-O Nf8 11. Ne5 Ng4 12. Bxe7 Qxe7 13. Nxg4 Bxg4 14. Rae1
Bh5 15. e4 dxe4 16. Rxe4 Qd6 17. Qb3 Bg6 18. Rxe8 Rxe8 19. Bxg6 hxg6 20. Qxb7
Rb8 21. Qxa7 Rxb2 22. Re1 Qf4 23. Nd1 Qd2 24. Rf1 Rxa2 25. Qb6 Qd3 26. Ne3 Qc3
27. d5 cxd5 28. Nxd5 Qe5 29. Qd8 Ra7 30. f4 Qe4 31. Rd1 Ra2 32. Qg5 Ne6 33. Qg3
Qc2 34. Re1 Qc5+ 35. Ne3 Qd4 36. Rb1 Qxf4 37. Rb8+ Kh7 38. Qxf4 Nxf4 39. h4 Re2
40. Rb3 Kh6 41. Kh2 f5 42. Kg3 Ne6 43. Nd5 g5 44. hxg5+ Kxg5 45. Rd3 Nc5 46.
Rd4 Ne4+ 47. Kh2 f4 48. Kh3 Re1 49. Kh2 Kg4 50. Rc4 f3 51. gxf3+ Kxf3 52. Rd4
Ra1 53. Rd3+ Kg4 54. Nc3 Nxc3 55. Rg3+ Kf4 56. Rxc3 Re1 57. Kg2 Re2+ 58. Kf1
Rd2 59. Rc4+ Kf5 60. Rc5+ Ke6 61. Kg1 Kf6 62. Rc6+ Kf5 63. Rc5+ Kg4 64. Rc4+
Kh5 65. Rc7 g5 66. Rh7+ Kg6 67. Rc7 g4 68. Rc5 Rb2 69. Re5 Kf6 70. Rc5 Rd2 71.
Kf1 Ra2 72. Kg1 Rb2 73. Rh5 Rc2 74. Rb5 Rd2 75. Kf1 Rh2 76. Kg1 Re2 77. Rd5 Kg6
78. Ra5 Rc2 79. Kh1 Kf6 80. Kg1 Rd2 81. Rb5 Rd3 82. Kg2 Re3 83. Rc5 Rh3 84. Kg1
Rf3 85. Rc7 Kg5 86. Rg7+ Kf5 87. Rf7+ Ke5 88. Rxf3 gxf3 89. Kf2 Ke4 90. Kf1 Kf4
91. Kf2 Ke5 92. Kxf3 {Game drawn because neither player has mating material}
1/2-1/2

[Event "ICS rated blitz match"]
[Site "207.99.83.229"]
[Date "1999.07.19"]
[Round "?"]
[White "blunite"]
[Black "Hossa"]
[Result "1-0"]
[WhiteElo "2205"]
[BlackElo "2380"]
[PlyCount "91"]
[EventDate "1999.??.??"]

1. d4 d5 2. c4 e6 3. Nc3 Nf6 4. Bg5 Nbd7 5. e3 Be7 6. Nf3 c6 7. Rc1 O-O 8. Bd3
dxc4 9. Bxc4 Qb6 10. Qe2 Qd8 11. O-O Ng4 12. Bxe7 Qxe7 13. e4 e5 14. d5 Nb8 15.
Rfd1 Rd8 16. a3 Bd7 17. d6 Qf6 18. h3 Nh6 19. Rd2 Bc8 20. Rcd1 Nd7 21. Bb3 b6
22. Ba2 Nc5 23. b4 Ne6 24. Bxe6 Bxe6 25. b5 Rac8 26. bxc6 Rxc6 27. Qe3 Rdc8 28.
Nd5 Bxd5 29. Rxd5 Qd8 30. Nxe5 Rc2 31. d7 R8c3 32. Qf4 Rxa3 33. Rd6 Ra5 34.
Rxh6 f6 35. Rh5 Rxe5 36. Rxe5 fxe5 37. Qxe5 Kf8 38. Qf5+ Kg8 39. e5 Rc5 40.
Qe6+ Kf8 41. Qd6+ Kg8 42. e6 Rf5 43. e7 Rf8 44. exf8=Q+ Qxf8 45. Qe6+ Qf7 46.
d8=Q# {Hossa checkmated} 1-0

[Event "ICS rated blitz match"]
[Site "207.99.83.229"]
[Date "1999.07.19"]
[Round "?"]
[White "Hossa"]
[Black "StrongBach"]
[Result "1-0"]
[WhiteElo "2363"]
[BlackElo "1960"]
[PlyCount "115"]
[EventDate "1999.??.??"]

1. d4 d5 2. c4 dxc4 3. e4 Nf6 4. e5 Nd5 5. Bxc4 c6 6. Nc3 Be6 7. Qb3 b5 8. Bxd5
Bxd5 9. Nxd5 Qxd5 10. Nf3 Qxb3 11. axb3 e6 12. O-O Be7 13. Bg5 f6 14. exf6 gxf6
15. Bf4 Nd7 16. Ra6 Nb6 17. Rfa1 O-O 18. Rc1 Rfe8 19. Rxc6 Bf8 20. Bg3 Bg7 21.
Ra5 b4 22. Ra1 Nd5 23. Raa6 Nb6 24. Ra2 Nd5 25. Bd6 Bh6 26. Ra1 Bf4 27. Bc5 a5
28. Re1 Kf7 29. Ra1 Kg8 30. h3 Bc7 31. Re1 e5 32. Bd6 e4 33. Nd2 Bb6 34. Nc4
Ba7 35. Bc5 f5 36. Nxa5 Ne7 37. Bxe7 Rxe7 38. Rd6 Bb8 39. Rd8+ Kf7 40. Nc6 Rb7
41. g4 Ke6 42. d5+ Kf6 43. gxf5 Kxf5 44. Rf8+ Kg5 45. Kg2 Kh6 46. Rxe4 Kh5 47.
Ree8 h6 48. Nxb8 Rg7+ 49. Kf3 Ra2 50. d6 Raa7 51. Ke4 Rab7 52. d7 Rbxd7 53.
Nxd7 Rxd7 54. Re6 Rg7 55. Rf5+ Rg5 56. Ke5 Kh4 57. Rxh6+ Rh5 58. Rhxh5# {
StrongBach checkmated} 1-0

[Event "ICS Rated blitz match"]
[Site "207.99.83.229"]
[Date "1999.07.19"]
[Round "?"]
[White "counterplay"]
[Black "Hossa"]
[Result "1-0"]
[WhiteElo "2738"]
[BlackElo "2366"]
[Annotator "Fritz 5.32 (10s)"]
[PlyCount "54"]
[EventDate "1999.??.??"]

1. d4 d5 2. Nf3 Nf6 3. c4 dxc4 4. e3 b5 5. a4 c6 6. axb5 cxb5 7. b3 7... Bf5
$14 (7... Be6 8. Nfd2 $11) 8. bxc4 8... Nbd7 $16 (8... bxc4 $5 9. Bxc4 9... e6
$14) 9. cxb5 Rc8 10. Bd2 Bc2 11. Qc1 Be4 12. Nc3 Bxf3 13. gxf3 Rc7 14. Bd3 $14
(14. e4 14... e6 $16) 14... e5 15. O-O Be7 16. Qb2 exd4 17. exd4 Nc5 18. b6 (
18. dxc5 $6 18... Qxd3 19. Ne4 19... Qxf3 $11) 18... axb6 19. dxc5 Qxd3 20.
Ra8+ (20. cxb6 Qxf3 21. Rfb1 Qg4+ 22. Kf1 Qc4+ 23. Ne2 23... Rb7 $16) 20... Bd8
21. Re1+ ({Dagegen} 21. cxb6 21... O-O 22. bxc7 Qg6+ 23. Kh1 23... Qd3 $18)
21... Re7 22. Rxe7+ Kxe7 23. cxb6 {Der Freibauer b6 ist ein wichtiges Motiv}
23... Qg6+ (23... Qxf3 $4 {vergiftet...} 24. Qb4+ Kd7 25. Ra7+ Ke6 26. Qc4+ Nd5
27. Ra5 $18) 24. Kf1 Qd3+ 25. Ne2 $1 {Boing!} 25... Re8 26. Ra3 Qd5 (26... Qc4
{holt die Kuh nicht vom Eis} 27. b7 Bc7 28. Rc3 $18) 27. Qb4+ 27... Kd7 {
Mit Re5 waere Schwarz nun aus dem Groebsten heraus} 1-0

[Event "ICS Rated blitz match"]
[Site "207.99.83.229"]
[Date "1999.07.19"]
[Round "?"]
[White "Hossa"]
[Black "Storchnoi"]
[Result "1/2-1/2"]
[WhiteElo "2363"]
[BlackElo "2068"]
[Annotator "Fritz 5.32 (10s)"]
[PlyCount "79"]
[EventDate "1999.??.??"]

1. d4 Nf6 2. c4 e6 3. Nc3 Bb4 4. Bg5 h6 5. Bh4 c5 6. d5 $15 {
Weiss engt den Gegner ein} (6. dxc5 6... Na6 $14) 6... d6 $11 (6... Nxd5 7.
Bxd8 Nxc3 8. Qb3 Ne4+ 9. Qxb4 cxb4 10. Bh4 $15) 7. Rc1 Qe7 8. dxe6 Qxe6 9. Bxf6
Qxf6 ({Schwaecher scheint} 9... gxf6 10. e3 $14) 10. e4 O-O 11. Nf3 Nc6 12. Be2
12... Nd4 $11 (12... Re8 13. Nd2 $15) 13. O-O Bxc3 14. Rxc3 Nxe2+ 15. Qxe2 Bg4
16. Rb3 b6 17. Qd3 Rfe8 18. Nd2 h5 19. f3 Bd7 20. Qd5 h4 21. Rc3 Rad8 22. Qb7
h3 23. Qxa7 hxg2 24. Rf2 b5 25. cxb5 ({Schlechter ist} 25. Rxg2 25... Bh3 26.
Re2 26... Ra8 $19) ({Schlechter scheint} 25. Kxg2 25... Qe7 26. Ra3 26... bxc4
$15) 25... Bxb5 26. Qb7 $11 (26. Rxg2 $5 $142 {kommt in Betracht} 26... Bd7 27.
Kh1 $14) 26... Bf1 $14 (26... Rb8 $5 {ist eine gute Alternative} 27. Qd5 27...
Re5 $11) 27. Qd5 Re5 28. Qc6 Rh5 29. Nxf1 gxf1=Q+ 30. Kxf1 Qd4 31. Rc1 Qd3+ 32.
Kg1 $11 (32. Kg2 Qe3 33. Rcf1 33... d5 $11) 32... Qe3 {Es droht Matt} 33. Rcf1
33... g6 $14 (33... d5 34. Qc7 Ra8 35. Kh1 $11) 34. b3 Kg7 35. Kh1 35... Qf4 {
Droht Matt} 36. Rg2 $4 $19 {danach wendet sich das Blatt} (36. Qb5 $11 $142 {
ist die einzige Rettung}) 36... Rdh8 {Mit der Mattdrohung Rxh2} 37. Rff2 Qc1+
38. Rg1 38... Qf4 $11 (38... Qe3 39. Rxg6+ {Weiss muss Material zurueckgeben}
39... fxg6 (39... Kxg6 $6 40. Qxd6+ Kh7 41. Qd2 Qxd2 42. Rxd2 $19) 40. Qd7+
40... Kh6 $19) 39. Rgg2 39... Qc1+ $11 (39... Qe3 40. Rf1 Rxh2+ 41. Rxh2 Qe2
42. Rxh8 Qxf1+ 43. Kh2 Qf2+ (43... Kxh8 $6 44. Qc8+ Kg7 45. Qh3 Qf2+ 46. Qg2
Qh4+ 47. Kg1 $11) 44. Kh1 Qxf3+ (44... Kxh8 $6 45. Qxd6 Qf1+ 46. Kh2 Qf2+ 47.
Kh3 Qxf3+ 48. Kh2 $11) 45. Kh2 Qe2+ (45... Kxh8 $6 46. Qxd6 Qf2+ 47. Kh3 $11)
46. Kg1 Qe3+ (46... Kxh8 $6 47. Qxd6 Qe1+ 48. Kh2 $11) 47. Kh2 Qd2+ (47... Kxh8
$6 48. Qxd6 Qf2+ 49. Kh3 $11) 48. Kg3 48... Kxh8 $15) 40. Rg1 1/2-1/2

[Event "ICS Rated blitz match"]
[Site "207.99.83.229"]
[Date "1999.07.19"]
[Round "?"]
[White "Hossa"]
[Black "topolino"]
[Result "0-1"]
[WhiteElo "2344"]
[BlackElo "2536"]
[Annotator "Fritz 5.32 (10s)"]
[PlyCount "93"]
[EventDate "1999.??.??"]

1. d4 d5 2. c4 e6 3. Nc3 3... c6 {Deckt b5} 4. Nf3 (4. e3 4... Nf6 $11) 4...
dxc4 5. e4 b5 6. Be2 Bb7 7. O-O 7... Nf6 {
Schwarz muss dringend die Entwicklung vorantreiben.} 8. Ng5 $17 (8. Qc2 8...
Be7 $15) 8... Be7 9. Bf4 9... O-O $15 (9... b4 10. Na4 $17) 10. Rc1 $17 (10.
Qc2 Nd5 (10... Qxd4 $143 11. Rad1 Qb6 12. e5 $16) 11. exd5 Bxg5 12. Bxg5 Qxg5
13. dxe6 13... fxe6 $15) 10... Nbd7 $15 (10... b4 11. Nb1 $17) 11. Bf3 b4 12.
Na4 Ba6 13. Qc2 Qa5 (13... b3 14. Qb1 c3 15. Nxc3 Bxf1 16. Rxf1 $17) 14. Rfe1
Bb5 15. b3 h6 16. Nh3 Bxa4 17. bxa4 c3 18. a3 (18. Red1 g5 19. Be3 19... Rfd8
$17) 18... bxa3 19. Qb3 (19. Red1 $5 19... g5 20. Be3 20... g4 $19) 19... Nb6
20. Bd1 20... Rfd8 {Schwarz ergreift die Initiative} 21. Be5 Bb4 22. Re3 Nfd7
23. Bc7 Rdc8 24. Bf4 c5 25. Rg3 (25. Bd6 $19) 25... cxd4 26. Bxh6 g6 27. Ng5 (
27. Bc2 Nc5 28. Qa2 28... Ncxa4 $19) 27... Nc5 28. Qa2 (28. Qc2 {
holt die Kuh nicht vom Eis} 28... Qxa4 29. Qe2 29... Qd7 $19) 28... d3 29. Rf3
(29. h4 {macht keinen grossen Unterschied} 29... Nbxa4 30. h5 c2 31. hxg6
cxd1=Q+ (31... cxd1=R+ 32. Rxd1 fxg6 33. Nxe6 $19) (31... cxd1=N 32. gxf7+ Kh8
33. Rh3 Nxf2 34. Qxf2 Nd7 35. Bf8#) 32. Rxd1 32... f6 $19) 29... d2 (29... Rc7
$142 {laesst dem Gegner kaum Chancen} 30. Rf6 Nbxa4 31. Bg4 $19) 30. Rb1 (30.
Ra1 30... Rc7 $19) 30... Rc7 31. Rf6 (31. e5 {waere gleichermassen fruchtlos}
31... Rd8 $19 (31... Nbxa4 $6 32. Qc2 Nb2 33. Rxf7 $19) (31... Ncxa4 $6 {
ist deutlich schlechter} 32. Nxf7 c2 33. Bxc2 $17)) 31... Rd8 (31... Nbxa4 $5
$142 {damit wuerde Schwarz es sich noch erleichtern} 32. f4 Qb6 33. Kh1 $19)
32. f4 Rb7 (32... Ncxa4 $4 {der kann natuerlich nicht genommen werden} 33.
Rxg6+ $3 {ein kraftvolles Opfer, das die Partie entscheidet} 33... Kh8 34. Bg7+
Kg8 35. Bxc3+ Kf8 36. Bxb4+ Qxb4 37. Rxb4 $18) 33. f5 gxf5 34. exf5 Nd5 35.
fxe6 {Mit der Mattdrohung exf7} 35... Nxe6 $1 {nun ist alles klar.} (35... Nxf6
$6 36. exf7+ Kh8 37. f8=Q+ Rxf8 38. Bxf8 $19) 36. Nxe6 (36. Rf2 {
aendert nichts am Ausgang der Partie} 36... Re7 37. Ne4 37... Nc5 $19) 36...
Nxf6 {Schwarz droht stark Bc5} (36... fxe6 37. Rg6+ Kh8 38. Bg5 Qb6+ 39. Kh1
$19) 37. Nxd8 Qc5+ 38. Kh1 38... Qf2 {Es droht Matt} 39. Be2 {
ob er will oder nicht, Weiss muss Material hergeben} 39... Qxe2 {Droht Matt}
40. Qa1 Rd7 41. Bxd2 41... cxd2 $1 {glaenzend gespielt} 42. Rd1 {
Schwarz darf nun die Drohung h3 nicht uebersehen} 42... Bc3 $1 {
macht alles klar. Droht Matt} 43. h3 43... Bxa1 {Droht Matt: Qxd1} 44. Rg1 (44.
Nc6 {aendert den traurigen Lauf der Dinge nicht} 44... Qxd1+ 45. Kh2 Qxa4 46.
Ne7+ Rxe7 47. Kg3 Be5+ 48. Kf2 Qd4+ 49. Ke2 d1=Q#) 44... d1=Q 45. Nc6 Qxg1+ 46.
Kxg1 Qe3+ (46... Rd2 47. Ne7+ Kh7 48. g4 Qg2#) 47. Kh2 0-1

[Event "ICS Rated blitz match"]
[Site "207.99.83.229"]
[Date "1999.07.19"]
[Round "?"]
[White "topolino"]
[Black "Hossa"]
[Result "1-0"]
[WhiteElo "2544"]
[BlackElo "2332"]
[Annotator "Fritz 5.32 (10s)"]
[PlyCount "91"]
[EventDate "1999.??.??"]

1. e4 1... Nf6 $14 (1... e5 2. Nf3 $11) 2. e5 Nd5 3. d4 d6 4. c4 Nb6 5. exd6
cxd6 6. h3 {Kontrolliert g4} 6... g6 7. Nf3 Bg7 8. Be2 O-O 9. Be3 d5 10. c5 {
Raumgewinn} 10... Nc4 11. Bxc4 dxc4 12. Nbd2 Be6 13. O-O (13. Qe2 13... Qd5 $11
) 13... Nc6 {d4 ist schwach} 14. Re1 Nxd4 15. Nxd4 Bxd4 16. Nxc4 Bg7 ({
Jedoch nicht} 16... Bxc4 17. Bxd4 f6 18. Qg4 $14) 17. Qc1 $15 (17. Qc2 Qd5 18.
Na5 18... Rfc8 $11) 17... Qd7 18. Na3 18... Bxh3 $11 (18... Rfd8 19. Qc2 $15)
19. gxh3 Qxh3 20. Nc4 Rac8 21. Rd1 21... b6 {Ueberdeckt a5} 22. Rd5 $15 (22.
Qc2 Qg4+ 23. Kf1 23... bxc5 $14) 22... Rfe8 $11 (22... Qg4+ $5 23. Kf1 23... f5
$11) 23. Rg5 bxc5 24. Qc2 (24. Rxc5 $2 {ist nicht korrekt} 24... Rxc5 25. Bxc5
Qg4+ 26. Kf1 Rc8 27. Bxe7 27... Rxc4 $19 (27... Qxc4+ $6 28. Qxc4 Rxc4 29. b3
$17)) 24... f6 {Ueberdeckt e5} 25. Rg3 (25. Rxc5 $2 {laeuft nicht} 25... Qg4+
26. Kf1 Rxc5 27. Bxc5 27... Qh5 $17) 25... Qh5 26. Qa4 Rcd8 27. Qxa7 Qh4 28.
Rc1 (28. Qxc5 {ist schnell zu verwerfen} 28... Rc8 29. Qd5+ 29... e6 $17) 28...
e5 29. Bxc5 Qf4 30. Be3 Qh4 31. b3 Rf8 (31... Rd5 32. Nd2 $18) 32. Qe7 (32. Qb6
32... Rc8 $18) 32... Rfe8 33. Qb7 e4 34. a3 Kh8 (34... Rd3 35. Qa6 Kh8 36. Kg2
$18) 35. Qc7 (35. Kg2 $5 $142 {und Weiss haette es noch leichter} 35... Qh5 36.
Rh1 36... Qf5 $18) 35... Rd3 $2 (35... Rc8 36. Qf4 Qxf4 37. Bxf4 37... Kg8 $18)
36. Nd6 {Weiss erhaelt entscheidenden Koenigsangriff} 36... Rxd6 37. Qxd6 g5 (
37... Rf8 $18 {wuerde die Partie noch etwas verlaengern}) 38. Qd7 {
Mit der Mattdrohung Qxe8} 38... Qh5 39. Rc8 {Droht Matt: Rxe8} 39... Rf8 40.
Bc5 {Es droht Matt} 40... Rg8 41. Rh3 {Droht Matt} 41... Qg6 42. Rxg8+ Kxg8 43.
Qd8+ Kf7 44. Qd5+ 44... Ke8 {Wenn Schwarz jetzt zu f5 kaeme...} 45. Qe6+ Kd8
46. Bb6# 1-0

[Event "ICS Rated Blitz match"]
[Site "131.246.89.4"]
[Date "1999.07.19"]
[Round "?"]
[White "PowB"]
[Black "Hossa"]
[Result "0-1"]
[WhiteElo "1613"]
[BlackElo "2104"]
[Annotator "Fritz 5.32 (10s)"]
[PlyCount "110"]
[EventDate "1999.??.??"]

1. d4 d5 2. c4 e6 3. Nf3 Be7 4. cxd5 exd5 5. Be3 Nf6 6. Qa4+ Nbd7 7. Nbd2 O-O
8. Rc1 Re8 9. Bf4 c6 10. e3 Nh5 11. Bg3 Nxg3 12. hxg3 {Befestigt h4} 12... Nf8
13. Bd3 Bd6 14. O-O $15 (14. Qc2 $5 14... h6 15. Nb3 $11) 14... Qd7 15. Qc2 Qg4
16. a4 Be6 17. Ne5 Bxe5 18. dxe5 Bd7 19. Qb3 Rab8 20. Nf3 Bf5 21. Bxf5 Qxf5 22.
Qc2 Qxc2 23. Rxc2 Ng6 24. Rd1 Nxe5 25. b4 Nc4 26. Nd4 {Will b5 spielen} 26...
a5 27. b5 Rbc8 28. g4 Re4 29. g5 Rg4 30. bxc6 bxc6 31. Nf3 Rb8 32. Nd2 $19 (32.
Nd4 32... Rb6 $19) 32... Nxd2 33. Rdxd2 Rc4 (33... Rxa4 34. Rxc6 Ra1+ 35. Kh2
$15) 34. Rxc4 dxc4 35. Rd6 (35. Rd4 $5 $17) 35... g6 (35... Kf8 36. Kf1 $17)
36. Rxc6 Rb4 37. Rd6 37... Rxa4 {Der Freibauer a5 greift sofort ein} 38. Rd8+
Kg7 39. Rd5 $19 (39. Kf1 $5 39... Ra2 $17) 39... c3 40. Rc5 Ra1+ 41. Kh2 Ra3
42. Kg3 a4 43. Rc4 h5 44. gxh6+ Kxh6 45. Rh4+ Kg7 46. f3 $4 {
ein Ende mit Schrecken} (46. Kf3 $19 $142) 46... c2 47. Rc4 Ra2 48. e4 Rb2 49.
e5 a3 50. f4 {Droht e6} 50... a2 51. Rxc2 51... Rxc2 $1 {
huebsch. Droht Matt: a1Q} 52. Kf3 (52. Kh3 {aendert nichts mehr} 52... a1=Q 53.
f5 Qh1+ 54. Kg3 Qxg2+ 55. Kf4 Qf2+ 56. Ke4 gxf5+ 57. Kd5 Qc5#) 52... a1=Q 53.
g3 (53. f5 {aendert den traurigen Lauf der Dinge nicht} 53... Qa3+ 54. Ke4 Rc4+
55. Kd5 Qd3#) 53... Qc3+ 54. Ke4 (54. Kg4 {macht keinen grossen Unterschied}
54... Rg2 55. e6 Qxg3#) 54... Rd2 55. g4 (55. e6 {
kann das Vorangegangene nicht ungeschehen machen} 55... f5#) 55... Rd4# (55...
Qd3#) 0-1

[Event "ICS Rated blitz match"]
[Site "207.99.83.229"]
[Date "1999.07.19"]
[Round "?"]
[White "TDChess"]
[Black "Hossa"]
[Result "1-0"]
[WhiteElo "2554"]
[BlackElo "2323"]
[Annotator "Fritz 5.32 (10s)"]
[PlyCount "119"]
[EventDate "1999.??.??"]

1. e4 1... Nf6 $14 (1... e5 2. Nf3 $11) 2. e5 Nd5 3. c4 Nb6 4. c5 Nd5 5. Nf3 d6
6. d4 dxc5 7. dxc5 e6 8. Qc2 8... Bd7 $11 (8... Qe7 9. Bd2 $15) 9. a3 {
Befestigt b4} 9... Qe7 10. b4 a5 11. Bg5 f6 12. exf6 12... gxf6 {Ueberdeckt e5}
13. Qb2 Kd8 (13... axb4 14. axb4 Rxa1 15. Qxa1 $17) 14. Bd2 Rg8 15. Rg1 Rg4 16.
bxa5 16... Bc6 {Blockiert c5} 17. Nc3 17... Nxc3 $14 {
Schwarz verhindert die lange Rochade} (17... Nd7 18. h3 Rg8 19. Nd4 Nxc5 20.
Nxc6+ bxc6 21. Be2 $11) 18. Qxc3 $11 (18. Bxc3 Qxc5 19. Be2 19... Ke8 $11)
18... Ke8 19. Be2 19... Rg8 $14 (19... e5 20. Rb1 $11) 20. Kf1 Kd8 21. Rd1 Kc8
22. Bc4 Bd5 23. Bxd5 exd5 24. Re1 Qd7 25. Qe3 Bg7 26. Nd4 {
Nicht von der Hand zu weisen} 26... f5 27. Qg5 h6 28. Qg3 Ra6 29. Rh1 $14 (29.
Rb1 Qa4 30. Bb4 30... Qe8 $14) 29... Qf7 30. Qf4 {
Der isolierte Bauer h6 geraet unter Druck} 30... Bxd4 31. Qxd4 31... Rf6 $16 (
31... Nc6 $5 {muss erwogen werden} 32. Qa4 32... Qf8 $14) 32. Kg1 $14 (32. Rb1
$5 $16) 32... Rfg6 (32... f4 33. f3 $11) 33. g3 Qd7 34. Kg2 34... Nc6 $18 (
34... Rg4 35. Bf4 $16) 35. Qh4 $14 (35. Qd3 $5 $18 $142) 35... Qg7 $16 (35...
d4 $5 $14 {kam sehr in Betracht}) 36. Qh5 (36. Qa4 36... Nd8 $16) 36... Qf6 37.
a6 $14 (37. Re3 37... Qf7 $16) 37... bxa6 38. Qf3 {Weiss erhaelt Koenigsangriff
} 38... Rd8 39. Bf4 {Der Laeufer ist wirkungsvoll plaziert} 39... Nd4 $2 $18 (
39... Qd4 $16 $142) 40. Qd3 {Mit der Drohung Be5} 40... Nb5 41. a4 Na7 42. Re5
(42. Bd6 $1 $142 {ginge schneller} 42... Nc6 43. Qxd5 $18 (43. Qxa6+ $143 43...
Kd7 $18)) 42... Rf8 $2 (42... d4 $18 $142) 43. Rxd5 (43. c6 Qxc6 44. Rc1 Qb7
45. Rxf5 d4+ 46. f3 Rgf6 47. Rxf6 47... Rxf6 $18) 43... Qc6 44. Rb1 h5 45. Qb3
{Droht Matt: Qb8} 45... Qa8 46. h4 Nc6 47. Qf3 Rg4 (47... Re6 $18) 48. Bh6 Rgg8
(48... Rb4 {nuetzt auch nichts mehr} 49. Rxb4 $1 {das war die Absicht} 49...
Nxb4 50. Rd8+ (50. Bxf8 $6 {ist sichtlich schwaecher} 50... Qxd5 51. c6 Qxf3+
52. Kxf3 52... Nd5 $18) 50... Rxd8 51. Qxa8+ Kd7 52. Qf3 $18) 49. Rxf5 Rd8 50.
Rf7 {Es droht Matt} 50... Rd7 51. Rxd7 Kxd7 52. Qd5+ Ke7 53. Re1+ Ne5 54. Rxe5+
$1 {ist die Ueberraschung!} 54... Kf6 55. Re6+ Kf7 56. Rc6+ Ke7 (56... Ke8 {
hilft auch nicht mehr} 57. Qxg8+ Kd7 58. Qe6+ Kd8 59. Bg5#) 57. Qe6+ Kd8 58.
Qxg8+ Kd7 59. Qe6+ Kd8 60. Bg5# 1-0

[Event "ICS Rated bullet match"]
[Site "207.99.83.229"]
[Date "1999.07.19"]
[Round "?"]
[White "JSBach"]
[Black "Hossa"]
[Result "0-1"]
[WhiteElo "2168"]
[BlackElo "2344"]
[Annotator "Fritz 5.32 (10s)"]
[PlyCount "66"]
[EventDate "1999.??.??"]

1. e4 1... Nf6 $14 (1... e5 2. Nf3 $11) 2. e5 Nd5 3. c4 Nb6 4. c5 Nd5 5. Bc4
5... e6 {Sichert d5} 6. Qg4 f6 ({Nachteilig ist} 6... Bxc5 7. Qxg7 Rf8 8. Nf3
$16) 7. Nf3 Nc6 ({Weniger gut ist} 7... Bxc5 8. Qxg7 Rf8 9. Qxh7 $16) 8. d4
fxe5 9. dxe5 Qe7 ({Nicht} 9... Bxc5 10. Qxg7 Bb4+ 11. Nbd2 $16) 10. Bg5 $15 (
10. Nbd2 Qxc5 11. Nb3 Qb4+ 12. Bd2 12... Qa4 $15) 10... Qf7 11. Bxd5 $17 (11.
O-O $5 $15 {ist zu erwaegen}) 11... exd5 12. Nc3 Bxc5 13. O-O-O $19 (13. Qf4 $5
13... h6 14. Qxf7+ Kxf7 15. Bd2 $17) 13... d4 (13... Bxf2 $6 14. Nxd5 O-O 15.
Rhf1 $15 (15. Nxc7 $4 {Weiss schlaegt einen vergifteten Bauern} 15... d5 16. e6
16... Qxc7 $19)) 14. Nb5 $2 (14. Nxd4 $142 14... Bxd4 15. Rxd4 Nxd4 16. Qxd4
$19) 14... Qc4+ 15. Nc3 d5 16. e6 dxc3 17. Qh5+ (17. Qxc4 {
koennte noch eine geringe Chance darstellen} 17... cxb2+ 18. Kxb2 dxc4 19. Rhe1
$19) 17... g6 18. Qh3 18... Qxa2 {Mit der Mattdrohung Qxb2} 19. Rd2 Qa1+ (19...
Nb4 $142 {erleichterte Schwarz die Gewinnfuehrung} 20. Kd1 Qb3+ 21. Ke2 Qc4+
22. Ke1 cxd2+ 23. Nxd2 Nd3+ 24. Kf1 $19) 20. Kc2 20... Qxb2+ $1 {
ganz unerschrocken} (20... cxd2 $6 {scheitert an} 21. Rxa1 O-O 22. Bxd2 $15)
21. Kd1 cxd2 22. Bxd2 Qb3+ 23. Ke2 Qc4+ 24. Ke1 Qe4+ 25. Kf1 O-O (25... Qd3+
$142 {und nichts geht mehr} 26. Kg1 Nd4 27. g4 Qxf3 28. Qxf3 Nxf3+ 29. Kf1
Nxd2+ 30. Ke2 $19) 26. Be1 Bxe6 (26... Qd3+ {ist genauer} 27. Kg1 Qd1 28. Kf1
$19) 27. Qh6 Bg4 (27... Rxf3 $142 {machte sofort alles klar} 28. Qd2 $19) 28.
Bd2 Bxf3 (28... Rxf3 29. Qg7+ Kxg7 30. Bh6+ Kxh6 31. gxf3 Bh3+ 32. Kg1 Qe1#)
29. gxf3 Qxf3 (29... Qd3+ 30. Kg1 Bxf2+ 31. Kxf2 Qxf3+ 32. Ke1 Qxh1+ 33. Ke2
Qf3+ 34. Ke1 Qf1#) 30. Be3 (30. Be1 {hilft allerdings auch nicht} 30... Bxf2
31. Qe3 Bxe3+ 32. Bf2 Qxf2#) 30... Bxe3 $1 {triumphiert} 31. Qh4 Bxf2 32. Qg4 (
32. Qf4 {kann das Vorangegangene nicht ungeschehen machen} 32... Rxf4 33. h3
Bd4+ 34. Ke1 Bc3#) 32... Qxg4 33. h3 (33. Rg1 {
aendert den traurigen Lauf der Dinge nicht} 33... Bh4#) 33... Bh4# 0-1

[Event "ICS Rated blitz match"]
[Site "207.99.83.229"]
[Date "1999.07.19"]
[Round "?"]
[White "Hossa"]
[Black "TDChess"]
[Result "0-1"]
[WhiteElo "2315"]
[BlackElo "2563"]
[Annotator "Fritz 5.32 (10s)"]
[PlyCount "60"]
[EventDate "1999.??.??"]

1. d4 Nf6 2. c4 e6 3. Nc3 Be7 4. Bg5 $11 (4. e4 4... d6 $14) 4... c5 5. dxc5
Bxc5 6. e4 Nc6 7. Nf3 7... O-O $16 (7... d6 $5 $11 {sieht spielbar aus}) 8. e5
h6 9. Bxf6 $14 (9. Bh4 g5 10. Bxg5 hxg5 11. exf6 11... Qxf6 $16) 9... gxf6 {
Verwehrt dem Gegner g5} 10. Qd2 fxe5 11. Qxh6 11... Qb6 $4 {
vergroessert seine Probleme} (11... Qe7 $16 $142) 12. Ng5 $15 (12. Bd3 Bxf2+
13. Kf1 f5 14. Qg6+ Kh8 15. Ng5 Qxb2 16. Qh7#) 12... Bxf2+ 13. Kd1 {
Mit der Mattdrohung Qh7} 13... Qd4+ 14. Kc2 Qh4 15. Qf6 $19 (15. Qxh4 $5 15...
Bxh4 16. Nf3 $15) 15... Nd4+ 16. Kd3 Nf5 17. Nce4 $2 $19 (17. Nge4 $15 $142 {
ist noch spielbar}) 17... d5 18. cxd5 (18. Nxf2 18... Qxc4+ $1 {
kraeftig gespielt} 19. Kd2 Qf4+ 20. Kc3 20... Bd7 $19) 18... exd5 19. Nxf2 (19.
Nc3 $19) 19... Qd4+ (19... Qxf2 $6 {ist klar schwaecher} 20. Qxe5 Bd7 21. a4
$19 (21. Qxd5 $4 {der Bauer ist nicht zu nehmen} 21... Rac8 22. Qc4 Rxc4 23.
Kxc4 Rc8+ 24. Kb3 Qc2+ 25. Ka3 Qa4#)) 20. Ke2 20... Qe3+ $1 {ein boeses Schach}
({Weniger gut ist} 20... Qxb2+ 21. Kf3 Qc3+ 22. Kg4 Qd4+ 23. Nfe4 Qxa1 24. Kh5
$19) 21. Kd1 21... Qxf2 {Es droht Matt} 22. Kc1 22... Bd7 {Droht Matt: Qe1} 23.
Bc4 {Weiss droht, mit Nf3 kontern} (23. Qxe5 23... Rfe8 $1 {nun ist alles klar}
24. Nf3 Rac8+ 25. Bc4 Rxe5 26. b3 dxc4 27. b4 Ba4 28. Nd2 c3 29. Rd1 Re1 30.
Rxe1 Qxe1#) 23... Rac8 $1 {huebsch. Es droht Matt} 24. Kb1 24... Rxc4 {
Droht Matt} 25. a3 Qc2+ (25... Ba4 26. Qxf5 $5 26... Qxf5+ 27. Ka2 Qxg5 28.
Rab1 Rfc8 29. g4 Qe3 30. h4 Bb3+ 31. Ka1 Rc1 32. g5 Rxh1 33. h5 Rxb1+ 34. Kxb1
Rc1#) 26. Ka2 26... Ra4 $1 {das wars. Mit der Mattdrohung Rxa3} (26... Qxg2 27.
Rhg1 Rc2 28. Rxg2 Rxg2 29. Rf1 $16) 27. Qh8+ Kxh8 28. Nxf7+ Rxf7 29. Rag1 (29.
Rhe1 {aendert nichts mehr} 29... Rxa3+ 30. Kxa3 Qa4#) 29... Rxa3+ 30. Kxa3 Qa4#
0-1